[Event "TCh-ITA 2012"]
[Site "Arvier ITA"]
[Date "2012.04.30"]
[Round "6"]
[White "Sibilio, Mario"]
[Black "De Val, Daniele"]
[Result "1-0"]
[WhiteTitle "FM"]
[WhiteElo "2346"]
[BlackElo "2191"]
[WhiteTeam "Libertas Nereto"]
[BlackTeam "SS Triestina"]
[WhiteFideId "800422"]
[BlackFideId "812064"]
[EventDate "2012.04.27"]

1. d4 f5 2. Nc3 d5 3. Bf4 a6 4. e3 Nf6 5. Bd3 e6 6. Nce2 c5 7. c3 c4 8. Bc2 b5
9. a3 Bb7 10. Bg5 Bd6 11. Nf4 Qe7 12. g4 fxg4 13. Bxf6 gxf6 14. Qxg4 f5 15. Qh5+
Qf7 16. Nxe6 Qxh5 17. Ng7+ Kd7 18. Nxh5 f4 19. Nxf4 Bxf4 20. exf4 Nc6 21. Ne2
Raf8 22. Rg1 Rf7 23. Kd2 Nd8 24. Rae1 Rhf8 25. f5 Kd6 26. Nf4 Re7 27. Rxe7 Kxe7
28. Re1+ Kd6 29. Ne6 Nxe6 30. Rxe6+ Kd7 31. Rh6 Rf7 32. f6 Ke6 33. Bxh7 Rxf6 34.
Bg8+ Ke7 35. Rxf6 1-0

[Event "TCh-ITA 2012"]
[Site "Arvier ITA"]
[Date "2012.04.30"]
[Round "6"]
[White "Manca, Federico"]
[Black "Olszewski, Michal"]
[Result "1/2-1/2"]
[WhiteTitle "IM"]
[BlackTitle "GM"]
[WhiteElo "2424"]
[BlackElo "2539"]
[WhiteTeam "Pizzato Elettr. Scacchi Marostica"]
[BlackTeam "Centro Studi Test Palermo"]
[WhiteFideId "800171"]
[BlackFideId "1121251"]
[EventDate "2012.04.27"]

1. e4 c5 2. c3 Nf6 3. e5 Nd5 4. d4 cxd4 5. Nf3 e6 6. cxd4 d6 7. Bc4 Nb6 8. Bd3
Bd7 9. Nc3 Bc6 10. O-O N8d7 11. Be4 Bxe4 12. Nxe4 dxe5 13. Bg5 f6 14. Bh4 Be7
15. dxe5 Nxe5 16. Nxe5 Qxd1 17. Rfxd1 fxe5 1/2-1/2

[Event "TCh-ITA 2012"]
[Site "Arvier ITA"]
[Date "2012.04.30"]
[Round "6"]
[White "Contin, Daniel"]
[Black "Rossi, Carlo1"]
[Result "1-0"]
[WhiteTitle "IM"]
[BlackTitle "IM"]
[WhiteElo "2331"]
[BlackElo "2297"]
[WhiteTeam "Centro Studi Test Palermo"]
[BlackTeam "Pizzato Elettr. Scacchi Marostica"]
[WhiteFideId "803618"]
[BlackFideId "800651"]
[EventDate "2012.04.27"]

1. c4 Nc6 2. Nc3 g6 3. g3 Bg7 4. Bg2 f5 5. e3 Ne5 6. d3 Nf6 7. Nge2 O-O 8. O-O
Kh8 9. b3 c6 10. e4 fxe4 11. dxe4 d6 12. h3 Qa5 13. Be3 g5 14. f4 gxf4 15. gxf4
Ng6 16. Qe1 Qh5 17. f5 Nh4 18. Nf4 Nxg2 19. Kxg2 Qf7 20. Qh4 Kg8 21. Kh1 e6 22.
Rg1 exf5 23. Rxg7+ Qxg7 24. Rg1 Ng4 25. hxg4 fxe4 26. Nce2 c5 27. Nh5 Qe5 28.
Nef4 Bd7 29. Nd5 Rf7 30. Nhf6+ Kh8 31. Bd2 1-0

[Event "TCh-ITA 2012"]
[Site "Arvier ITA"]
[Date "2012.04.30"]
[Round "6"]
[White "Micheli, Carlo"]
[Black "Bentivegna, Francesco"]
[Result "0-1"]
[WhiteTitle "FM"]
[BlackTitle "FM"]
[WhiteElo "2268"]
[BlackElo "2276"]
[WhiteTeam "Pizzato Elettr. Scacchi Marostica"]
[BlackTeam "Centro Studi Test Palermo"]
[WhiteFideId "800414"]
[BlackFideId "809055"]
[EventDate "2012.04.27"]

1. c4 b6 2. Nc3 Bb7 3. e4 e6 4. Nge2 Nf6 5. Qc2 c5 6. d3 Nc6 7. a3 d5 8. Bg5 d4
9. Nd1 h6 10. Bxf6 Qxf6 11. f4 e5 12. g3 h5 13. Nf2 g6 14. Bg2 O-O-O 15. O-O Qe7
16. Qa4 Kb8 17. fxe5 Nxe5 18. Nf4 h4 19. g4 h3 20. N4xh3 Bh6 21. Kh1 Be3 22. Qd1
Rh4 23. g5 Rdh8 24. Qe2 Bxg5 25. Nxg5 Rxh2+ 26. Kg1 Rxg2+ 0-1

[Event "TCh-ITA 2012"]
[Site "Arvier ITA"]
[Date "2012.04.30"]
[Round "6"]
[White "Bove, Alessandro"]
[Black "Sader, Michael"]
[Result "1-0"]
[WhiteTitle "FM"]
[WhiteElo "2362"]
[BlackElo "2276"]
[WhiteTeam "Centro Studi Test Palermo"]
[BlackTeam "Pizzato Elettr. Scacchi Marostica"]
[WhiteFideId "814121"]
[BlackFideId "1602012"]
[EventDate "2012.04.27"]

1. d4 Nf6 2. c4 c5 3. d5 d6 4. Nc3 g6 5. e4 Bg7 6. f3 O-O 7. Bg5 h6 8. Be3 e5 9.
Qd2 Kh7 10. Bd3 a6 11. Nge2 Nbd7 12. a3 Rb8 13. Rc1 Ng8 14. Nd1 b5 15. b4 bxc4
16. Bxc4 cxb4 17. axb4 Nb6 18. Bd3 f5 19. Qa2 fxe4 20. Bxe4 Ne7 21. Bf2 Bb7 22.
Ne3 Bf6 23. h4 Kg7 24. g4 Kf7 25. f4 Bc8 26. O-O Kg8 27. Bg3 exf4 28. Nxf4 Nd7
29. Ne6 Qb6 30. Bf2 Bxh4 31. Nxf8 Nxf8 32. Bxh4 Qxe3+ 33. Qf2 Qxf2+ 34. Rxf2 g5
35. Bg3 Rxb4 36. Bxd6 Rxe4 37. Bxe7 Rxe7 38. Rxc8 Rf7 39. Ra8 Kg7 40. Rxf7+ Kxf7
41. Rxa6 Nd7 42. Ra7 Ke7 43. Kf2 Kd6 44. Rxd7+ Kxd7 45. Ke3 Ke7 46. Kd4 Kd6 47.
Ke4 Ke7 48. Kf5 Kd6 49. Kg6 Kxd5 50. Kxh6 Ke6 51. Kxg5 Kf7 52. Kh6 Kg8 53. Kg6
Kh8 54. Kh6 Kg8 55. g5 Kh8 56. g6 Kg8 57. g7 1-0

[Event "TCh-ITA 2012"]
[Site "Arvier ITA"]
[Date "2012.04.30"]
[Round "6"]
[White "Salvador, Roland"]
[Black "Castaldo, Folco"]
[Result "0-1"]
[WhiteTitle "GM"]
[BlackTitle "IM"]
[WhiteElo "2502"]
[BlackElo "2417"]
[WhiteTeam "CSKB Torveca Caffè Vigevano"]
[BlackTeam "SS Eporediese Ivrea"]
[WhiteFideId "5201047"]
[BlackFideId "806560"]
[EventDate "2012.04.27"]

1. d4 e6 2. Nf3 f5 3. Bf4 Nf6 4. h3 b6 5. e3 Bb7 6. Be2 Bd6 7. Ne5 O-O 8. Nc3
Bb4 9. O-O Bxc3 10. bxc3 d6 11. Nd3 Nbd7 12. Bh2 Qe7 13. Nf4 Nd5 14. Nxd5 Bxd5
15. c4 Bb7 16. Bf3 Be4 17. Bxe4 fxe4 18. Qg4 Nf6 19. Qf4 Rae8 20. a4 e5 21. Qg3
Qf7 22. d5 a5 23. Qh4 Qg6 24. Bg3 Rf7 25. Bh2 Ref8 26. Ra2 h6 27. Raa1 Qf5 28.
Rab1 Kh7 29. Rb5 Nd7 30. Bg3 Nc5 31. Rxc5 bxc5 32. Kh2 Rb8 0-1

[Event "TCh-ITA 2012"]
[Site "Arvier ITA"]
[Date "2012.04.30"]
[Round "6"]
[White "Ranieri, Fabrizio"]
[Black "Di Paolo, Raffaele"]
[Result "1-0"]
[WhiteTitle "FM"]
[BlackTitle "FM"]
[WhiteElo "2283"]
[BlackElo "2309"]
[WhiteTeam "SS Eporediese Ivrea"]
[BlackTeam "CSKB Torveca Caffè Vigevano"]
[WhiteFideId "806927"]
[BlackFideId "803014"]
[EventDate "2012.04.27"]

1. e4 e6 2. d4 d5 3. Nc3 Bb4 4. e5 Ne7 5. a3 Bxc3+ 6. bxc3 c5 7. Qg4 O-O 8. Bd3
Nbc6 9. Qh5 Ng6 10. Nf3 Qc7 11. Be3 c4 12. Bxg6 fxg6 13. Qg4 Bd7 14. h4 Rf5 15.
Ng5 Nd8 16. h5 gxh5 17. Qxh5 h6 18. g4 Rf8 19. Qg6 hxg5 20. Rh3 Rf4 21. Bxf4
gxf4 22. Kd2 1-0

[Event "TCh-ITA 2012"]
[Site "Arvier ITA"]
[Date "2012.04.30"]
[Round "6"]
[White "Napoli, Nicolo'"]
[Black "Mariano, Elia"]
[Result "1-0"]
[WhiteTitle "FM"]
[WhiteElo "2327"]
[BlackElo "2156"]
[WhiteTeam "CSKB Torveca Caffè Vigevano"]
[BlackTeam "SS Eporediese Ivrea"]
[WhiteFideId "813702"]
[BlackFideId "806579"]
[EventDate "2012.04.27"]

1. g3 Nf6 2. Bg2 d5 3. c4 c6 4. Nf3 g6 5. O-O Bg7 6. d4 O-O 7. Ne5 e6 8. Nc3
Nfd7 9. Nxd7 Nxd7 10. e4 dxc4 11. a4 a5 12. Be3 Rb8 13. e5 Qc7 14. Ne4 b5 15.
Rc1 Ba6 16. b3 cxb3 17. Qe2 Rb6 18. Rfd1 bxa4 19. Qb2 Rfb8 20. Ra1 Rb4 21. Rdc1
Rc4 22. Nd6 Rxc1+ 23. Rxc1 Bb5 24. Nxb5 Rxb5 25. Bxc6 a3 26. Qxa3 b2 27. Bxb5
bxc1=Q+ 28. Qxc1 Qxc1+ 29. Bxc1 Nb6 30. Kf1 Nd5 31. Bd2 Nb4 32. Ke2 f6 33. f4
Kf7 34. Kd1 Bf8 35. Kc1 Be7 36. Kb2 h5 37. Kb3 fxe5 38. dxe5 Bc5 39. Bc4 Bg1 40.
h3 Bf2 41. g4 hxg4 42. hxg4 Ke7 43. Ka4 Bb6 44. Kb5 Bc7 45. Bc3 Nc2 46. Kc6 Bd8
47. Bd3 Nb4+ 48. Bxb4+ axb4 49. Bxg6 b3 50. f5 exf5 51. gxf5 b2 52. Kd5 Kf8 53.
f6 Ba5 54. Bb1 Bc3 55. Ke6 Bd4 56. Kf5 Bc3 57. e6 Bb4 58. Bc2 Ba3 59. Ke5 Bb4
60. Kd5 Bc3 61. e7+ Kf7 62. Bg6+ Kxg6 63. e8=Q+ Kxf6 64. Qf8+ Kg6 65. Qf1 Bg7
66. Ke6 Kg5 67. Qf5+ 1-0

[Event "TCh-ITA 2012"]
[Site "Arvier ITA"]
[Date "2012.04.30"]
[Round "6"]
[White "Saccona, Silvano"]
[Black "Bozzali, Ermanno"]
[Result "1-0"]
[WhiteElo "2178"]
[BlackElo "2123"]
[WhiteTeam "SS Eporediese Ivrea"]
[BlackTeam "CSKB Torveca Caffè Vigevano"]
[WhiteFideId "805653"]
[BlackFideId "805858"]
[EventDate "2012.04.27"]

1. d4 f5 2. Nf3 Nf6 3. g3 e6 4. Bg2 c6 5. O-O d5 6. b3 Bd6 7. c4 Qe7 8. Bb2 O-O
9. e3 b6 10. Ne5 Bb7 11. cxd5 exd5 12. Nd2 Ne4 13. Rc1 c5 14. f3 Nxd2 15. Qxd2
Nd7 16. f4 Nf6 17. Rc2 Ne4 18. Qe2 a5 19. Rfc1 a4 20. Qh5 axb3 21. axb3 Ra2 22.
Bf1 Ba6 23. Qd1 Qb7 24. Bh3 c4 25. Rg2 b5 26. g4 fxg4 27. Bxg4 b4 28. bxc4 Bxe5
29. dxe5 dxc4 30. Be6+ Kh8 31. Bxc4 Bxc4 32. Rxc4 Nc3 33. Qd6 Rfa8 34. h3 Qf3
35. Kh2 Nd1 36. Rd4 Qxg2+ 37. Kxg2 Rxb2+ 38. Kg3 Rg8 39. Rxd1 b3 40. Qa3 1-0

[Event "TCh-ITA 2012"]
[Site "Arvier ITA"]
[Date "2012.05.01"]
[Round "7"]
[White "Contin, Daniel"]
[Black "Georgiev, Kiril"]
[Result "0-1"]
[WhiteTitle "IM"]
[BlackTitle "GM"]
[WhiteElo "2331"]
[BlackElo "2671"]
[WhiteTeam "Centro Studi Test Palermo"]
[BlackTeam "Ob. Risarcimento Padova"]
[WhiteFideId "803618"]
[BlackFideId "2900017"]

1. c4 Nf6 2. Nc3 e5 3. Nf3 Nc6 4. g3 d5 5. cxd5 Nxd5 6. Bg2 Nb6 7. O-O Be7 8. a3
O-O 9. b4 Be6 10. Rb1 f6 11. d3 a5 12. b5 Nd4 13. Nxd4 exd4 14. Na4 Bd5 15. Bh3
Qe8 16. e4 dxe3 17. Bxe3 Nxa4 18. Qxa4 Qh5 19. Bg4 Qg6 20. Qd1 Bxa3 21. Bh5 Qf5
22. Bg4 Qe5 23. Re1 Bb4 24. Bd2 Qd6 25. Bxb4 axb4 26. Bf3 c5 27. bxc6 bxc6 28.
Bxd5+ cxd5 29. Qb3 Rfb8 30. Ra1 Rxa1 31. Rxa1 Qc5 32. Ra2 h6 33. Rc2 Qd4 34. Rc7
Kh8 35. Rd7 Qc3 36. Qxd5 b3 37. Qf7 Qc1+ 38. Kg2 Qc6+ 39. Kh3 Qxd7+ 0-1

[Event "TCh-ITA 2012"]
[Site "Arvier ITA"]
[Date "2012.05.01"]
[Round "7"]
[White "Bove, Alessandro"]
[Black "Bellini, Fabio"]
[Result "1/2-1/2"]
[WhiteTitle "FM"]
[BlackTitle "IM"]
[WhiteElo "2362"]
[BlackElo "2509"]
[WhiteTeam "Centro Studi Test Palermo"]
[BlackTeam "Ob. Risarcimento Padova"]
[WhiteFideId "814121"]
[BlackFideId "800252"]

1. d4 g6 2. e4 Bg7 3. g3 d5 4. Nc3 dxe4 5. Be3 Nf6 6. Bg2 Bf5 7. h3 h5 8. Qe2 c6
9. O-O-O Nbd7 10. Kb1 Qa5 11. Bc1 O-O-O 12. f3 e3 13. Qxe3 Nb6 14. Qe1 Nc4 15.
Bf1 Qb4 16. b3 Na3+ 17. Bxa3 Qxa3 18. Bc4 e6 19. Nge2 g5 20. Qd2 g4 21. hxg4
hxg4 22. Rxh8 Bxh8 23. f4 Ne4 24. Nxe4 Bxe4 25. Qe3 Bf3 26. c3 c5 27. Rc1 Bxe2
28. Qxe2 cxd4 29. cxd4 Kb8 30. d5 Qc5 31. Rd1 exd5 32. Rxd5 Rxd5 33. Bxd5 Qxd5
34. Qe8+ Kc7 35. Qxh8 Qd3+ 1/2-1/2

[Event "TCh-ITA 2012"]
[Site "Arvier ITA"]
[Date "2012.05.01"]
[Round "7"]
[White "Horvath, Csaba"]
[Black "Brunello, Sabino"]
[Result "0-1"]
[WhiteTitle "GM"]
[BlackTitle "GM"]
[WhiteElo "2509"]
[BlackElo "2587"]
[WhiteTeam "L'Arrocco A di Roma"]
[BlackTeam "Scavolini Datagest Pesaro"]
[WhiteFideId "700118"]
[BlackFideId "813613"]

1. d4 d5 2. c4 c6 3. Nc3 Nf6 4. e3 Bf5 5. cxd5 cxd5 6. Qb3 Nc6 7. Qxb7 Bd7 8.
Qb3 Rb8 9. Qd1 e5 10. dxe5 Nxe5 11. Be2 Bd6 12. Nf3 O-O 13. O-O Qe7 14. Nd4 Rfc8
15. Ncb5 Bc5 16. Bd2 Nc4 17. a4 Nxb2 18. Qe1 Ne4 19. Ba5 Nc4 20. Nb3 a6 21. Nxc5
Rxc5 22. Bxc4 dxc4 23. f3 axb5 24. fxe4 Rg5 25. Bc7 Rc8 26. Bf4 Rg6 27. axb5
Qxe4 28. Bg3 Bxb5 29. Qc3 Bc6 30. Ra2 h6 31. Rd2 Re6 32. Re1 Ba8 33. h3 Rg6 34.
Kh2 Rc5 35. Qa3 Rxg3 36. Rd8+ Kh7 37. Qxa8 Rxg2+ 38. Kh1 Qxa8 39. Rxa8 Rd2 0-1

[Event "TCh-ITA 2012"]
[Site "Arvier ITA"]
[Date "2012.05.01"]
[Round "7"]
[White "Rombaldoni, Denis"]
[Black "Testa, Adriano"]
[Result "1-0"]
[WhiteTitle "IM"]
[WhiteElo "2520"]
[BlackElo "2240"]
[WhiteTeam "Scavolini Datagest Pesaro"]
[BlackTeam "L'Arrocco A di Roma"]
[WhiteFideId "813575"]
[BlackFideId "823392"]

1. d4 Nf6 2. Nf3 b6 3. Bf4 Bb7 4. e3 e6 5. h3 Be7 6. Nbd2 d5 7. Bb5+ c6 8. Bd3
Nbd7 9. c3 c5 10. Qb1 Qc8 11. g4 h6 12. a4 a6 13. Rg1 g5 14. Bg3 Qc6 15. Bc2 Rg8
16. dxc5 bxc5 17. a5 Bd6 18. Ba4 Qc7 19. Bxd6 Qxd6 20. Qd3 O-O-O 21. b4 Qc7 22.
b5 c4 23. Qd4 Qc5 24. b6 Qe7 25. Ne5 Nc5 26. Bc2 Nfe4 27. Nxe4 dxe4 28. Qxc4 f6
29. Nf7 Rdf8 30. Nxh6 Rh8 31. Rd1 Rxh6 32. Ba4 Bd5 33. Qd4 Rd8 34. Ke2 Bb7 35.
Qb4 e5 36. Rxd8+ Kxd8 37. Rd1+ Nd3 38. Qc4 Rh8 39. Bc6 Bxc6 40. Qxc6 f5 41. b7 1-0

[Event "TCh-ITA 2012"]
[Site "Arvier ITA"]
[Date "2012.05.01"]
[Round "7"]
[White "Stella, Luca"]
[Black "Rombaldoni, Axel"]
[Result "0-1"]
[BlackTitle "IM"]
[WhiteElo "2119"]
[BlackElo "2464"]
[WhiteTeam "L'Arrocco A di Roma"]
[BlackTeam "Scavolini Datagest Pesaro"]
[WhiteFideId "800031"]
[BlackFideId "815837"]

1. e4 e6 2. d3 d5 3. Nd2 c5 4. Ngf3 Nc6 5. g3 g6 6. Bg2 Bg7 7. O-O Nge7 8. c3
O-O 9. Re1 b6 10. h4 d4 11. c4 e5 12. Nf1 h5 13. N1h2 Kh8 14. Ng5 Ng8 15. f4
exf4 16. gxf4 Nh6 17. e5 Qc7 18. Bd5 Rb8 19. e6 f6 20. Nf7+ Nxf7 21. exf7 Ne7
22. Be6 Bxe6 23. Rxe6 Nf5 24. Nf3 Qxf7 25. Qe2 Rbe8 26. Rxe8 Rxe8 27. Qg2 Bh6
28. Bd2 Ne3 29. Bxe3 Rxe3 0-1

[Event "TCh-ITA 2012"]
[Site "Arvier ITA"]
[Date "2012.05.01"]
[Round "7"]
[White "Vocaturo, Daniele"]
[Black "Maggi, Fabrizio"]
[Result "1-0"]
[WhiteTitle "GM"]
[WhiteElo "2536"]
[BlackElo "2132"]
[WhiteTeam "Scavolini Datagest Pesaro"]
[BlackTeam "L'Arrocco A di Roma"]
[WhiteFideId "813192"]
[BlackFideId "826030"]

1. d4 d5 2. Nf3 c5 3. e3 Nc6 4. b3 cxd4 5. exd4 Nf6 6. Bb2 Bg4 7. h3 Bf5 8. Bd3
Bxd3 9. Qxd3 e6 10. O-O Bd6 11. c4 O-O 12. Nbd2 a5 13. a3 Re8 14. Rfe1 Qb8 15.
Rac1 a4 16. c5 Bf4 17. b4 e5 18. dxe5 Nxe5 19. Nxe5 Bxe5 20. Bxe5 Rxe5 21. Qd4
Rxe1+ 22. Rxe1 Qc7 23. Nb1 Qd7 24. Nc3 h5 25. Re5 Re8 26. Nxd5 Nxd5 27. Rxd5
Re1+ 28. Kh2 Qc7+ 29. f4 h4 30. Rd8+ Kh7 31. Qd3+ 1-0

[Event "TCh-ITA 2012"]
[Site "Arvier ITA"]
[Date "2012.05.01"]
[Round "7"]
[White "Caprio, Guido"]
[Black "D'Amore, Carlo"]
[Result "1-0"]
[WhiteTitle "FM"]
[BlackTitle "IM"]
[WhiteElo "2398"]
[BlackElo "2493"]
[WhiteTeam "Latina"]
[BlackTeam "Chieti"]
[WhiteFideId "834580"]
[BlackFideId "800066"]

1. e4 e5 2. Nf3 Nc6 3. Bb5 Nge7 4. O-O g6 5. c3 a6 6. Bc4 Bg7 7. d4 b5 8. Bd5
exd4 9. cxd4 h6 10. a4 Bb7 11. axb5 axb5 12. Rxa8 Qxa8 13. Nc3 b4 14. Nb5 Qa5
15. Bc4 d6 16. Nd2 Qb6 17. Nb3 Na5 18. Nxa5 Qxa5 19. Qb3 O-O 20. Bd2 Qb6 21.
Qxb4 Bxe4 22. Re1 Nc6 23. Qb3 Bf5 24. Bxf7+ Kh7 25. Bc4 Na5 26. Bxa5 Qxa5 27.
Qc3 Qb6 28. Re7 d5 29. Bxd5 Qxb5 30. Qxc7 Kh8 31. Rxg7 g5 32. Rh7+ 1-0

[Event "TCh-ITA 2012"]
[Site "Arvier ITA"]
[Date "2012.05.01"]
[Round "7"]
[White "Mogranzini, Roberto"]
[Black "Malloni, Marcello"]
[Result "1-0"]
[WhiteTitle "IM"]
[BlackTitle "FM"]
[WhiteElo "2461"]
[BlackElo "2339"]
[WhiteTeam "Chieti"]
[BlackTeam "Latina"]
[WhiteFideId "810894"]
[BlackFideId "802956"]

1. Nf3 d5 2. c4 d4 3. g3 Nc6 4. Bg2 e5 5. d3 Nf6 6. O-O Nd7 7. Na3 Bxa3 8. bxa3
O-O 9. Rb1 Re8 10. e3 a6 11. exd4 exd4 12. Ng5 h6 13. Ne4 Rb8 14. h3 Nf8 15. Re1
Kh8 16. Kh2 Re7 17. a4 b6 18. Ba3 Re6 19. f4 Ne7 20. Qh5 f6 21. f5 1-0

[Event "TCh-ITA 2012"]
[Site "Arvier ITA"]
[Date "2012.05.01"]
[Round "7"]
[White "Parpinel, Marco"]
[Black "Borgo, Giulio"]
[Result "0-1"]
[BlackTitle "IM"]
[WhiteElo "2157"]
[BlackElo "2397"]
[WhiteTeam "Latina"]
[BlackTeam "Chieti"]
[WhiteFideId "818410"]
[BlackFideId "800180"]

1. e4 d6 2. Nc3 Nf6 3. f4 d5 4. e5 d4 5. Nce2 Nd5 6. Nxd4 Nxf4 7. Ndf3 e6 8. d4
Ng6 9. h4 c5 10. h5 Ne7 11. Bd3 cxd4 12. Ne2 Nbc6 13. O-O h6 14. Qe1 Nf5 15. Ng3
Nb4 16. Nxf5 exf5 17. Nh4 Nxd3 18. cxd3 Be7 19. Nxf5 Bxf5 20. Rxf5 Qd7 21. Qe4
O-O 22. Bd2 Qe6 23. Raf1 Rac8 24. g4 Rc2 25. R5f2 Rxb2 26. Rg2 Qxa2 27. Rff2 Bh4
28. Re2 Rb1+ 29. Be1 Qa1 30. Kf1 Re8 0-1

[Event "TCh-ITA 2012"]
[Site "Arvier ITA"]
[Date "2012.05.01"]
[Round "7"]
[White "Antoniewski, Rafal"]
[Black "Palac, Mladen"]
[Result "1/2-1/2"]
[WhiteTitle "GM"]
[BlackTitle "GM"]
[WhiteElo "2559"]
[BlackElo "2593"]
[WhiteTeam "Libertas Nereto"]
[BlackTeam "CPS Banca Nuova"]
[WhiteFideId "1111078"]
[BlackFideId "14500116"]

1. e4 c5 2. Nf3 d6 3. Nc3 a6 4. d4 cxd4 5. Nxd4 Nf6 6. Be2 e5 7. Nb3 Be7 8. O-O
O-O 9. Re1 Be6 10. Bf3 Nc6 11. Be3 1/2-1/2

[Event "TCh-ITA 2012"]
[Site "Arvier ITA"]
[Date "2012.05.01"]
[Round "7"]
[White "Mazzilli, Piero"]
[Black "Shytaj, Luca"]
[Result "0-1"]
[WhiteTitle "FM"]
[BlackTitle "IM"]
[WhiteElo "2340"]
[BlackElo "2496"]
[WhiteTeam "CPS Banca Nuova"]
[BlackTeam "Libertas Nereto"]
[WhiteFideId "807087"]
[BlackFideId "812633"]

1. d4 Nf6 2. Bg5 e6 3. e4 h6 4. Bxf6 Qxf6 5. Nc3 Bb4 6. Ne2 d6 7. Qd2 Nd7 8. f4
e5 9. a3 Bxc3 10. Nxc3 Qxf4 11. Qxf4 exf4 12. Bd3 c6 13. O-O-O g5 14. h4 Rg8 15.
hxg5 hxg5 16. Rh6 Ke7 17. Rdh1 Nf6 18. Be2 Be6 19. d5 cxd5 20. exd5 Nxd5 21.
Nxd5+ Bxd5 22. Re1 Kf8 23. Bf3 Bxf3 24. gxf3 Rd8 25. Rd1 Kg7 26. Rhxd6 Rxd6 27.
Rxd6 Re8 28. Rd1 Kg6 29. Rf1 Re2 30. a4 f5 31. b4 Kf6 32. Kb2 Re3 33. a5 Ke5 34.
Rg1 Rxf3 35. Rxg5 Rg3 36. Rh5 f3 37. Rh1 f2 38. Rf1 Rf3 39. Kc1 Kf4 40. Kd2 Ke5 0-1

[Event "TCh-ITA 2012"]
[Site "Arvier ITA"]
[Date "2012.05.01"]
[Round "7"]
[White "Bruno, Fabio"]
[Black "Ramondino, Renzo"]
[Result "1-0"]
[WhiteTitle "IM"]
[BlackTitle "FM"]
[WhiteElo "2435"]
[BlackElo "2251"]
[WhiteTeam "Libertas Nereto"]
[BlackTeam "CPS Banca Nuova"]
[WhiteFideId "801038"]
[BlackFideId "810304"]

1. Nf3 c5 2. c4 Nf6 3. g3 b6 4. Bg2 Bb7 5. Nc3 e6 6. O-O Be7 7. Re1 d6 8. e4 a6
9. d4 cxd4 10. Nxd4 Qc7 11. Bf4 O-O 12. e5 dxe5 13. Bxe5 Qc8 14. Bh3 Nc6 15.
Bxf6 Bxf6 16. Nxe6 Nd4 17. Nxf8 Qxh3 18. Nd5 Kxf8 19. Re4 Ne6 20. a4 Rd8 21. Ra3
Qf5 22. Ree3 Bxd5 23. cxd5 Rxd5 24. Rad3 Rxd3 25. Rxd3 Bxb2 26. Rd8+ Ke7 27.
Qd6+ Kf6 28. Qxb6 Qb1+ 29. Kg2 Qe4+ 30. Kf1 Qc4+ 31. Kg1 Bd4 32. Rxd4 Qxd4 33.
Qxa6 Kf5 34. a5 Qd1+ 35. Kg2 Qd5+ 36. Kg1 Ng5 37. Qc8+ Kg6 38. a6 Qd1+ 39. Kg2
Qf3+ 40. Kg1 Qd1+ 41. Kg2 Qd5+ 42. Kf1 Qb5+ 43. Kg2 f5 44. Qb7 Qe2 45. a7 f4 46.
Qc6+ Kh5 47. a8=Q f3+ 48. Qxf3+ Nxf3 49. Qxf3+ Qxf3+ 50. Kxf3 Kg5 51. h3 Kf5 52.
Ke3 Ke5 53. f4+ Kf5 54. g4+ Kf6 55. Ke4 Ke6 56. Kd4 Kf6 57. Kd5 h5 58. Kd6 hxg4
59. hxg4 Kg6 60. Ke6 Kh6 61. Kf7 Kh7 62. g5 Kh8 63. f5 Kh7 64. f6 1-0

[Event "TCh-ITA 2012"]
[Site "Arvier ITA"]
[Date "2012.05.01"]
[Round "7"]
[White "Livecchi, Dario"]
[Black "Sibilio, Mario"]
[Result "0-1"]
[BlackTitle "FM"]
[WhiteElo "2160"]
[BlackElo "2346"]
[WhiteTeam "CPS Banca Nuova"]
[BlackTeam "Libertas Nereto"]
[WhiteFideId "810487"]
[BlackFideId "800422"]

1. d4 Nf6 2. c4 e6 3. Nf3 Bb4+ 4. Nbd2 d5 5. g3 c5 6. dxc5 dxc4 7. Bg2 Nc6 8.
O-O c3 9. bxc3 Bxc5 10. Qc2 O-O 11. Nb3 Be7 12. Rd1 Qc7 13. Bb2 h6 14. Rac1 e5
15. Nh4 a5 16. Nf5 a4 17. Nd2 Be6 18. c4 Bc5 19. Ne4 Nxe4 20. Qxe4 Rfd8 21. e3
Bf8 22. Rd5 g6 23. Nh4 Bg7 24. f4 f5 25. Qb1 e4 26. Bxg7 Qxg7 27. Rb5 Rd7 28.
Qb2 Qxb2 29. Rxb2 g5 30. fxg5 hxg5 31. Rcb1 gxh4 32. Rxb7 Rxb7 33. Rxb7 hxg3 0-1

[Event "TCh-ITA 2012"]
[Site "Arvier ITA"]
[Date "2012.05.01"]
[Round "7"]
[White "David, Alberto"]
[Black "Lenic, Luka"]
[Result "1/2-1/2"]
[WhiteTitle "GM"]
[BlackTitle "GM"]
[WhiteElo "2604"]
[BlackElo "2637"]
[WhiteTeam "SS Milanese"]
[BlackTeam "SS Triestina"]
[WhiteFideId "4000013"]
[BlackFideId "14603853"]

1. d4 d5 2. c4 c6 3. Nc3 Nf6 4. Nf3 dxc4 5. a4 Bf5 6. e3 e6 7. Bxc4 Bb4 8. O-O
Nbd7 9. Qe2 O-O 10. e4 Bg6 11. Bd3 Bh5 12. e5 Nd5 13. Nxd5 cxd5 14. Qe3 Bg6 15.
Bxg6 1/2-1/2

[Event "TCh-ITA 2012"]
[Site "Arvier ITA"]
[Date "2012.05.01"]
[Round "7"]
[White "Misiano, Franco"]
[Black "Mocchi, Tullio"]
[Result "1/2-1/2"]
[WhiteTitle "FM"]
[BlackTitle "FM"]
[WhiteElo "2270"]
[BlackElo "2270"]
[WhiteTeam "SS Milanese"]
[BlackTeam "SS Triestina"]
[WhiteFideId "804746"]
[BlackFideId "806889"]

1. e4 c6 2. d4 d5 3. Nc3 dxe4 4. Nxe4 Nd7 5. Ng5 Ngf6 6. Bd3 e6 7. N1f3 Bd6 8.
Qe2 h6 9. Ne4 Nxe4 10. Qxe4 Nf6 11. Qe2 Qc7 12. Bd2 b6 13. O-O-O Bb7 14. Ne5
O-O-O 15. f4 c5 16. dxc5 Bxc5 17. Rhe1 1/2-1/2

[Event "TCh-ITA 2012"]
[Site "Arvier ITA"]
[Date "2012.05.01"]
[Round "7"]
[White "Cherin, Diego"]
[Black "Brunello, Marina"]
[Result "1-0"]
[WhiteTitle "FM"]
[BlackTitle "WIM"]
[WhiteElo "2272"]
[BlackElo "2263"]
[WhiteTeam "SS Triestina"]
[BlackTeam "SS Milanese"]
[WhiteFideId "816922"]
[BlackFideId "822590"]

1. e4 c5 2. Nf3 d6 3. d4 cxd4 4. Nxd4 Nf6 5. Nc3 a6 6. Bc4 e6 7. Bb3 b5 8. Bg5
Be7 9. Qf3 Qc7 10. Bxf6 Bxf6 11. e5 Bb7 12. Bd5 Bxe5 13. Bxb7 Ra7 14. Bc6+ Kd8
15. Nce2 Bxd4 16. Nxd4 e5 17. O-O-O exd4 18. Bd5 Qc5 19. Rd2 Nd7 20. Rhd1 Ne5
21. Qe4 d3 22. Kb1 Re7 23. Bb3 Nc4 24. Qxd3 Nxd2+ 25. Qxd2 Kc7 26. a3 Rhe8 27.
Qa5+ Kb7 28. Rd5 Qc7 29. Qb4 Re4 30. c4 Ka7 31. f3 Re1+ 32. Ka2 R1e5 33. Rxd6
Rb8 34. Qd2 bxc4 35. Bc2 Qb6 36. Be4 Qb3+ 37. Ka1 Re7 38. Qd4+ Rb6 39. Rd8 Rxe4
40. fxe4 c3 41. Rd7+ Kb8 42. Qxc3 Qxc3 43. bxc3 Rf6 44. Rd2 Kc7 45. Kb2 Re6 46.
Rd4 f5 47. exf5 Re2+ 48. Kb3 Rxg2 49. Rh4 h6 50. h3 Rg6 1-0